000
00273nam a22001097a 4500
999
_c
159845
_d
159845
082
_a
_b
100
_a
Nithyachaithanya yathi
245
_a
Kalayum avishkaravum/
_c
by Nithyachaithanya yathi.
260
_a
Delhi:
_b
Improvement book centre,
_c
650
_a
942
_c
BK